From Boots To Brotherhood/ (Record no. 212903)

MARC details
000 -LEADER
fixed length control field 00585nam a2200205 4500
005 - DATE AND TIME OF LATEST TRANSACTION
control field 20250806145059.0
010 ## - LCCN (DPL NO)
LC control number ENG-146395
020 ## - INTERNATIONAL STANDARD BOOK NUMBER
International Standard Book Number 9789349042087
Terms of availability 295.00
035 ## - SYSTEM CONTROL NUMBER
System control number EN-129927
037 ## - SOURCE OF ACQUISITION
Source of stock number/acquisition DBAD
082 ## - DEWEY DECIMAL CLASSIFICATION NUMBER
Classification number 808.883
100 ## - MAIN ENTRY--PERSONAL NAME
Personal name Sharma, Shivam
245 ## - TITLE STATEMENT
Title From Boots To Brotherhood/
Statement of responsibility, etc Shivam Sharma
250 ## - EDITION STATEMENT
Edition statement 1
260 ## - PUBLICATION, DISTRIBUTION, ETC. (IMPRINT)
Place of publication, distribution, etc Chandigarh
Name of publisher, distributor, etc The Browser
Date of publication, distribution, etc 2025
270 ## - ADDRESS
Address SCO-14,15, Sector 8-C
City Chandigarh
Postal code 160009
300 ## - PHYSICAL DESCRIPTION
Extent 218p.
Dimensions 20cm(pb)
500 ## - GENERAL NOTE
General note Cadets, Camaraderie and Chronicles
942 ## - ADDED ENTRY ELEMENTS (KOHA)
Source of classification or shelving scheme Dewey Decimal Classification
Item type English Books
Classification part 808.883
Call number suffix SHA
Holdings
Withdrawn status Lost status Not for loan Collection code Home library Current library Date acquired Source of acquisition Cost, normal purchase price Full call number Barcode Copy number Cost, replacement price Koha item type
    Not For Loan Non-fiction D.B.Act.Division D.B.Act.Division 06/08/2025 Delivery of Books Act Division 295.00 808.883 SHA EN-129927 1 295.00 English Books

© Delhi Public Library
Hit Counter
free hit counter